[Event "White Nights"]
[Site "St Petersburg RUS"]
[Date "2005.06.26"]
[Round "9"]
[White "Golovchenko,G"]
[Black "Sivokho,S"]
[Result "1-0"]
[WhiteElo "2293"]
[BlackElo "2475"]

1.e4 e5 2.Nf3 Nc6 3.Bb5 a6 4.Ba4 Nf6 5.O-O b5 6.Bb3 Bb7 7.Re1 Bc5 8.c3 d6
9.d4 Bb6 10.Be3 O-O 11.Nbd2 h6 12.h3 Re8 13.d5 Ne7 14.Bxb6 cxb6 15.a4 bxa4
16.Bxa4 b5 17.Bc2 Ng6 18.Bd3 Rb8 19.c4 Bc8 20.Bf1 Qb6 21.cxb5 axb5 22.Re3 Bd7
23.Rea3 Rec8 24.b4 Rb7 25.Qe1 Nf4 26.Ra6 Qc7 27.Qe3 g5 28.Nxe5 dxe5 29.Rxf6 Kg7
30.Rfa6 Qc2 31.R6a2 Qc3 32.Ra7 Rxa7 33.Rxa7 Be8 34.Qxc3 Rxc3 35.d6 Bc6 36.Rc7 Rc2
37.Bxb5 Rxd2 38.Rxc6 Rd4 39.Bc4 Kf6 40.b5 Rxe4 41.Rc7 Ne6 42.b6 Nd8 43.Rc8 Nb7
44.Bd5 Re1+ 45.Kh2 Nxd6 46.b7 Nxb7 47.Bxb7 Rd1 48.Be4 Rd4 49.Rc6+ Kg7 50.f3 h5
51.Kg3 Rd2 52.h4 gxh4+ 53.Kh3 Rd4 54.Rc8 Rd2 55.Rc5 Re2 56.Rxe5 Kh6 57.Rd5  1-0

[Event "Torch Real Estate Cup"]
[Site "Xiapu CHN"]
[Date "2005.06.26"]
[Round "19"]
[White "Wei Chenpeng"]
[Black "Wu Kaiyu"]
[Result "0-1"]
[WhiteElo "2406"]
[BlackElo "2294"]

1.e4 e5 2.Nf3 Nc6 3.Bb5 a6 4.Ba4 Nf6 5.O-O b5 6.Bb3 Bb7 7.d3 Bd6 8.a4 O-O
9.Nc3 b4 10.Ne2 h6 11.Ng3 Re8 12.a5 Bf8 13.Bd2 d5 14.Qe2 dxe4 15.dxe4 Nd4
16.Nxd4 exd4 17.Qc4 Qd7 18.Ba4 Qe6 19.Qd3 Bc6 20.Bb3 Qd7 21.Rfe1 Bb5 22.Qf3 c5
23.Bxh6 c4 24.Ba2 Qg4 25.Qxg4 Nxg4 26.Bd2 Bc5 27.h3 Ne5 28.f4 Nc6 29.Kh2 Nxa5
30.e5 Nc6 31.Ne4 Bf8 32.c3 dxc3 33.bxc3 b3 34.Bb1 a5 35.Bc1 a4 36.Ba3 Bxa3
37.Rxa3 Reb8 38.Nd6 Na7 39.Be4 Bc6 40.Bxc6 Nxc6 41.Nxc4 b2 42.Rb1 Na5 43.Rxb2 Nxc4
44.Rxb8+ Rxb8 45.Rxa4 Rc8 46.h4 Ne3 47.Re4 Rxc3 48.Kh3 Nf1+ 49.Kg4 Rg3+  0-1

[Event "6th EICC"]
[Site "Warsaw POL"]
[Date "2005.06.27"]
[Round "9"]
[White "Gouliev,N"]
[Black "Pavasovic,D"]
[Result "1/2-1/2"]
[WhiteElo "2526"]
[BlackElo "2593"]

1.e4 e5 2.Nf3 Nc6 3.Bb5 a6 4.Ba4 Nf6 5.O-O b5 6.Bb3 Bb7 7.Re1 Bc5 8.c3 d6
9.d4 Bb6 10.Be3 O-O 11.Nbd2 h6 12.h3 Rb8 13.Bc2 Re8 14.a3 Na7 15.dxe5 dxe5
16.Bxb6 cxb6 17.Nf1 Qe7 18.N3h2 Nc8 19.Ng3 Nd6 20.Qe2 Rbd8 21.Rad1 g6 22.Ng4 Nxg4
23.hxg4 Qg5 24.Nf1 Bc8 25.Ne3 Be6 26.b3 Nb7 27.b4 Rc8 28.a4 Rxc3 29.axb5 a5
30.bxa5 Nxa5 31.Rd6 Rb8 32.Red1 Nc4 33.Rc6 Nxe3 34.Rxc3 Nxd1 35.Bxd1 Rd8
36.Rc6 Rd4 37.Qf3 Kg7 38.Be2 Qd8 39.Qe3 Bd7 40.Rc1 Qe8 41.Rb1 Qe7 42.f3 Qc5
43.Kf2 Qc2 44.Qb3 Qc5 45.Qe3 Qc2 46.Qb3 Rd2 47.Qxc2 Rxc2 48.Ke3 Rc5 49.Kd2 Kf6
50.Rb4 Ke7 51.Bd3 Kf6 52.Rb1 Kg5 53.g3 h5 54.gxh5 Kxh5 55.Ke3 Kg5 56.Be2 Rc3+
57.Kf2 Rc2 58.Ke3 Rc3+ 59.Kf2 Rc5 60.Ke3 Kf6 61.Ra1 Bxb5 62.Rb1 Bxe2 63.Rxb6+ Kg5
64.Kxe2 Rc2+ 65.Ke3 Rg2 66.Rb5 Kf6 67.Rb6+ Kg7  1/2-1/2

[Event "ITT Cinco Soles"]
[Site "Pinamar ARG"]
[Date "2005.06.30"]
[Round "9"]
[White "Bronstein,L"]
[Black "Rodi,L"]
[Result "1/2-1/2"]
[WhiteElo "2362"]
[BlackElo "2243"]

1.e4 e5 2.Nf3 Nc6 3.Bb5 a6 4.Ba4 Nf6 5.O-O b5 6.Bb3 Bb7 7.Re1 Bc5 8.c3 d6
9.d4 Bb6 10.Be3 O-O 11.Nbd2 exd4 12.cxd4 Nb4 13.Qb1 c5 14.a3 Nc6 15.d5 Ne7
16.h3 Ng6 17.Bc2 Re8  1/2-1/2

[Event "Summer Open"]
[Site "Alushta UKR"]
[Date "2005.07.03"]
[Round "2"]
[White "Reutsky,S"]
[Black "Tolstikh,N"]
[Result "1/2-1/2"]
[WhiteElo "2258"]
[BlackElo "2384"]

1.e4 e5 2.Nf3 Nc6 3.Bb5 a6 4.Ba4 Nf6 5.O-O b5 6.Bb3 Bb7 7.Re1 Bc5 8.c3 d6
9.d4 Bb6 10.Bg5 h6 11.Bh4 Qd7 12.Qd3 O-O-O 13.Nbd2 g5 14.Bg3 Nh5 15.a4 g4
16.axb5 axb5 17.Nh4 Nxg3 18.hxg3 exd4 19.Qxb5 Ne5 20.Qxd7+ Rxd7 21.Nc4 Nxc4
22.Bxc4 dxc3 23.bxc3 Re7 24.Bd5  1/2-1/2

[Event "Summer Open"]
[Site "Alushta UKR"]
[Date "2005.07.06"]
[Round "5"]
[White "Kuzmin,Ge"]
[Black "Tolstikh,N"]
[Result "1-0"]
[WhiteElo "2514"]
[BlackElo "2384"]

1.e4 e5 2.Nf3 Nc6 3.Bb5 a6 4.Ba4 Nf6 5.O-O b5 6.Bb3 Bb7 7.Nc3 Be7 8.d3 d6
9.a3 O-O 10.Bg5 Bc8 11.h3 Be6 12.Rc1 Qd7 13.Bd5 Rab8 14.Bxc6 Qxc6 15.d4 exd4
16.Nxd4 Qd7 17.Re1 Rfe8 18.Qd2 c5 19.Nxe6 fxe6 20.Bxf6 gxf6 21.Ne2 Bf8 22.Ng3 Qf7
23.Rcd1 Kh8 24.Qa5 Ra8 25.Re3 Be7 26.Rf3 Rg8 27.Qc3 a5 28.Rf4 b4 29.Qc4 Rg5
30.Rg4 Rag8 31.axb4 cxb4 32.Rxg5 Rxg5 33.Qb3 Qg8 34.Rd3 h5 35.h4 Rg4 36.Qa4 Qd8
37.Qb5 Rxh4 38.c4 Qc8 39.Rf3 Kg7 40.Nxh5+ Kf7 41.Qg5 f5 42.Qg7+ Ke8 43.b3 Rxe4
44.Rh3 Rh4 45.Re3 Re4 46.Rxe4 fxe4 47.Qg6+ Kd7 48.Qxe4 Qc6 49.Qh7 Kd8 50.Ng7 Qe4
51.Qxe4  1-0

[Event "20th North Sea Cup"]
[Site "Esbjerg DEN"]
[Date "2005.07.07"]
[Round "7"]
[White "Pilgaard,K"]
[Black "Goloshchapov,A"]
[Result "1-0"]
[WhiteElo "2415"]
[BlackElo "2519"]

1.e4 e5 2.Nf3 Nc6 3.Bb5 a6 4.Ba4 Nf6 5.O-O b5 6.Bb3 Bb7 7.d3 Be7 8.a4 b4
9.Nbd2 O-O 10.Nc4 d6 11.Bd2 Rb8 12.a5 Nd7 13.Ne3 Nc5 14.Bc4 Bc8 15.h3 Kh8
16.Nd5 f5 17.Nxe7 Qxe7 18.Ng5 Qe8 19.exf5 Bxf5 20.Be3 Qg6 21.b3 Nd4 22.f4 h6
23.fxe5 dxe5 24.Nf7+ Kh7 25.Nxe5 Qd6 26.Nf7 Qd7 27.Ng5+ Kh8 28.Nf7+ Kh7 29.Qh5 Be6
30.Nxh6 gxh6 31.Qxh6+ Kg8 32.Qg5+ Kh8 33.Qh4+  1-0

[Event "DMP 1st League"]
[Site "Koszalin POL"]
[Date "2005.07.11"]
[Round "8"]
[White "Adamski,M"]
[Black "Motyka,M"]
[Result "0-1"]
[WhiteElo "2287"]
[BlackElo "2140"]

1.e4 e5 2.Nf3 Nc6 3.Bb5 a6 4.Ba4 Nf6 5.O-O b5 6.Bb3 Bb7 7.Re1 Bc5 8.c3 d6
9.d4 Bb6 10.Bg5 h6 11.Be3 O-O 12.Nbd2 exd4 13.Nxd4 Ne5 14.Bc2 Re8 15.h3 c5
16.Nf5 d5 17.f4 Ng6 18.e5 d4 19.Bf2 d3 20.exf6 dxc2 21.Rxe8+ Qxe8 22.Qxc2 Qc6
23.Nf3 Qxf6 24.Ne5 Nxf4 25.Ng4 Qg5 26.Bh4 c4+ 27.Kh2 Qh5 28.Nf6+ gxf6 29.g4 Qxh4
30.Nxh4 Re8 31.Qf5 Re2+ 32.Kg3 Bc7 33.Nf3 Ng6+  0-1

[Event "DMP 1st League"]
[Site "Koszalin POL"]
[Date "2005.07.12"]
[Round "10"]
[White "Skurski,J"]
[Black "Motyka,M"]
[Result "1/2-1/2"]
[WhiteElo "2313"]
[BlackElo "2140"]

1.e4 e5 2.Nf3 Nc6 3.Bb5 a6 4.Ba4 Nf6 5.O-O b5 6.Bb3 Bb7 7.Re1 Bc5 8.c3 d6
9.d4 Bb6 10.h3 O-O 11.Be3 exd4 12.cxd4 Ne7 13.d5 Bxe3 14.Rxe3 Ng6 15.Nd4 Nd7
16.Nd2 Qf6 17.N2f3 Rae8 18.Rc1 Nf4 19.Bc2 Ne5 20.Nxe5 Rxe5 21.Nf5 Bc8 22.Rf3 Qg5
23.Ng3 h5 24.h4 Qxh4 25.Qd2 Ng6 26.Nf5 Bxf5 27.exf5 Ne7 28.f6 Nxd5 29.fxg7 Rfe8
30.Rf1 Qg5 31.Qd3 Qg6 32.Qd2 Qg5 33.Qd3 Qg6 34.Qd2 Qg5  1/2-1/2

[Event "XVI Vidmar Mem"]
[Site "Portoroz SLO"]
[Date "2005.07.15"]
[Round "7"]
[White "Djukic,Ni"]
[Black "Lenic,L"]
[Result "1/2-1/2"]
[WhiteElo "2521"]
[BlackElo "2463"]

1.e4 e5 2.Nf3 Nc6 3.Bb5 a6 4.Ba4 Nf6 5.O-O b5 6.Bb3 Bb7 7.d3 Bc5 8.c3 d6
9.a4 h6 10.Nh4 g5 11.Nf5 Ne7 12.Ng7+ Kf8 13.Nh5 Ng6 14.d4 Bb6 15.dxe5 Nxh5
16.Qxh5 dxe5 17.Be3 Kg7 18.Nd2 Qf6 19.g3 Rhf8 20.Qe2 Bxe3 21.Qxe3 Rfd8 22.Rfd1 Rd7
23.axb5 axb5 24.Rxa8 Bxa8 25.Ra1 Bc6 26.Nf1 Ne7 27.Bd1 Qg6 28.Bc2 Qd6 29.Ra6 Rd8
30.b4 Ra8 31.Rxa8 Bxa8 32.f3  1/2-1/2

[Event "ACT Open"]
[Site "Amsterdam NED"]
[Date "2005.07.16"]
[Round "1"]
[White "Drost,P"]
[Black "Van de Oudeweetering,A"]
[Result "1/2-1/2"]
[WhiteElo "2203"]
[BlackElo "2368"]

1.e4 e5 2.Nf3 Nc6 3.Bb5 a6 4.Ba4 Nf6 5.O-O b5 6.Bb3 Bb7 7.Re1 Bc5 8.c3 d6
9.d4 Bb6 10.a4 h6 11.axb5 axb5 12.Rxa8 Qxa8 13.h3 O-O 14.d5 Ne7 15.Be3 Bxe3
16.Rxe3 Ng6 17.c4 c6 18.dxc6 Bxc6 19.cxb5 Bxe4 20.Nc3 Bxf3 21.Rxf3 Nh4 22.Rg3 Nf5
23.Rf3 Nh4 24.Rg3 Nf5 25.Rf3  1/2-1/2

[Event "Politiken Cup"]
[Site "Copenhagen DEN"]
[Date "2005.07.19"]
[Round "5"]
[White "Vasquez,R"]
[Black "Hector,J"]
[Result "1/2-1/2"]
[WhiteElo "2558"]
[BlackElo "2534"]

1.e4 e5 2.Nf3 Nc6 3.Bb5 a6 4.Ba4 Nf6 5.O-O b5 6.Bb3 Bb7 7.Re1 Bc5 8.c3 d6
9.d4 Bb6 10.Bg5 h6 11.Bh4 g5 12.Bg3 O-O 13.dxe5 Nxe5 14.Nxe5 dxe5 15.Qf3 Re8
16.Nd2 Qe7 17.Rad1 Rad8 18.Bc2 Bc8 19.Qe2 Bg4 20.Nf3 Nh5 21.Rxd8 Rxd8 22.Rd1 Rd6
23.Kh1 Qf6 24.Rxd6 Qxd6 25.Bb3 Kf8 26.h3 Nxg3+ 27.fxg3 Bd7 28.g4 Ke7 29.g3 a5
30.Kg2 a4 31.Bc2 Qc5 32.Bd3 f6 33.c4 Be6 34.b3 Qa3 35.Qc2 bxc4 36.Bxc4 Bxc4
37.bxc4 Qe3 38.h4 Bc5 39.hxg5 hxg5 40.Nh2 Qg1+ 41.Kh3 a3 42.Qa4 Qf2 43.Qb5 Bd6
44.Qc6 Kd8 45.Qd5 Ke7 46.Qc6 Qg1 47.Qd5 Bc5 48.Qg8 Qf2 49.Qg7+ Kd8 50.Qg8+ Kd7
51.Qd5+ Ke7 52.Qg8 Bb4 53.Qg7+ Kd8 54.Qg8+ Kd7 55.Qd5+ Ke7 56.Qb7 Qc5 57.Nf1 Ba5
58.Qb3 Bb6 59.Nd2 Kd8 60.Qd3+ Kc8 61.Qf1 Qe3 62.Nb3 Qxe4 63.c5 Ba7 64.Kh2 Bxc5
65.Nxc5 Qc2+ 66.Kh3 Qxc5 67.Qxf6 Qd5 68.Qf5+ Kb7 69.Qb1+ Ka7 70.Kh2 c5 71.Qh7+ Ka6
72.Qg6+ Ka5 73.Qc2 Qd4 74.Kh3 c4 75.Qh7 Qc5 76.Qb7 c3 77.Qa8+ Kb4 78.Qb7+ Kc4
79.Qb3+ Kd4 80.Qd1+ Ke4 81.Qh1+ Kd3 82.Qd1+ Kc4 83.Qb3+  1/2-1/2

[Event "Politiken Cup"]
[Site "Copenhagen DEN"]
[Date "2005.07.21"]
[Round "7"]
[White "Bogdanov,D"]
[Black "Nielsen,Ma"]
[Result "0-1"]
[WhiteElo "2108"]
[BlackElo "2244"]

1.e4 e5 2.Nf3 Nc6 3.Bb5 a6 4.Ba4 Nf6 5.O-O b5 6.Bb3 Bb7 7.Re1 Bc5 8.c3 d6
9.d4 Bb6 10.Bg5 h6 11.Bh4 Qe7 12.a4 g5 13.axb5 axb5 14.Rxa8+ Bxa8 15.Bg3 h5
16.h4 g4 17.Ng5 Nd8 18.Na3 Nd7 19.d5 f6 20.Ne6 Nxe6 21.dxe6 Nc5 22.Nxb5 Nxe4
23.Bd5 Bxd5 24.Qxd5 Nxg3 25.Qd3 f5 26.Qxg3 f4 27.Qd3 Qxe6 28.Nd4 Qf7 29.Qb5+ Kf8
30.Ra1 Kg7 31.Ne2 Rf8  0-1

[Event "Politiken Cup"]
[Site "Copenhagen DEN"]
[Date "2005.07.23"]
[Round "9"]
[White "Bjornsson,Si"]
[Black "Hector,J"]
[Result "1/2-1/2"]
[WhiteElo "2346"]
[BlackElo "2534"]

1.e4 e5 2.Nf3 Nc6 3.Bb5 a6 4.Ba4 Nf6 5.O-O b5 6.Bb3 Bb7 7.Re1 Bc5 8.c3 d6
9.d4 Bb6 10.Be3 O-O 11.Nbd2 h6 12.h3 Re8 13.Bc2 exd4 14.Nxd4 Nxd4 15.Bxd4 c5
16.Bxf6 Qxf6 17.Qg4 Re6 18.Nf1 Rae8 19.Re2 c4 20.Rae1 Re5 21.Ne3 g6 22.f4 Rxe4
23.Bxe4 Rxe4 24.Kh2 h5 25.Qd7 Bxe3 26.Qxb7 Bxf4+ 27.g3 Rxe2+ 28.Rxe2 Be5
29.Kg2 Qg5 30.Qf3 a5 31.h4 Qe7 32.Qd5 g5 33.Rf2 gxh4 34.gxh4 Qe6 35.Qa8+ Kg7
36.Kh1 Qh3+ 37.Kg1 Qe3 38.Kg2 Qg3+ 39.Kf1 Qd3+ 40.Kg2 d5 41.Qe8 Qg6+  1/2-1/2

[Event "Open A"]
[Site "Pardubice CZE"]
[Date "2005.07.23"]
[Round "2"]
[White "Schneider,Dav"]
[Black "Karlovich,A"]
[Result "1/2-1/2"]
[WhiteElo "2113"]
[BlackElo "2258"]

1.e4 e5 2.Nf3 Nc6 3.Bb5 a6 4.Ba4 Nf6 5.O-O b5 6.Bb3 Bb7 7.d3 Be7 8.Nc3 O-O
9.a4 b4 10.Nd5 Na5 11.Nxe7+ Qxe7 12.Ba2 c5 13.Nd2 Rad8 14.Nc4 Nxc4 15.Bxc4 d5
16.exd5 Nxd5 17.Qe2 Rd6 18.f4 Re6 19.f5 Rd6 20.Rf2 Qc7 21.Bd2 Qc6 22.Re1 Nb6
23.Bb3 a5 24.Be3 Nd5 25.Bd2 Nb6 26.Be3 Nd5 27.Bd2 Nf4 28.Bc4 e4 29.Bxf4 exd3
30.cxd3 Rd4 31.Bb5 Qd5 32.Bc4 Qc6 33.Bb5 Qd5 34.Bc4 Qc6  1/2-1/2

[Event "ACT Open"]
[Site "Amsterdam NED"]
[Date "2005.07.24"]
[Round "9"]
[White "Megaranto,S"]
[Black "Van de Oudeweetering,A"]
[Result "1-0"]
[WhiteElo "2499"]
[BlackElo "2368"]

1.e4 e5 2.Nf3 Nc6 3.Bb5 a6 4.Ba4 Nf6 5.O-O b5 6.Bb3 Bb7 7.d3 Be7 8.a4 O-O
9.Re1 Re8 10.Nc3 b4 11.Nd5 Nxd5 12.Bxd5 Bf6 13.a5 Nxa5 14.Bxf7+ Kxf7 15.Rxa5 c6
16.Ra2 c5 17.Nd2 a5 18.Nb3 Qc7 19.Qh5+ Kg8 20.Be3 c4 21.Nxa5 g6 22.Qf3 Rf8
23.Rea1 cxd3 24.cxd3 b3 25.Ra4 Qc2 26.Qd1 Qxd1+ 27.Rxd1 Bc6 28.Raa1 Bb5 29.Nc4 Ra2
30.Rxa2 bxa2 31.Ra1 Ra8 32.f3 d5 33.Nb6 Rb8 34.Nxd5 Bxd3 35.Rxa2 Bg7 36.b4 Bc4
37.Rb2 Bf8 38.Nf6+ Kg7 39.Nd7 Rxb4 40.Rxb4 Bxb4 41.Nxe5 Bb5 42.Bd4 Kf8 43.Ng4 Ke7
44.Nf6 Bc5 45.Nd5+ Kd6 46.Bxc5+ Kxc5 47.Kf2 Kd4 48.Nf6 h6 49.h4  1-0

[Event "Open A"]
[Site "Pardubice CZE"]
[Date "2005.07.26"]
[Round "5"]
[White "Batakovs,O"]
[Black "Kniest,O"]
[Result "1-0"]
[WhiteElo "2182"]
[BlackElo "2294"]

1.e4 e5 2.Nf3 Nc6 3.Bb5 a6 4.Ba4 Nf6 5.O-O b5 6.Bb3 Bb7 7.Re1 Bc5 8.c3 d6
9.d4 Bb6 10.Bg5 h6 11.Bh4 Qe7 12.a4 g5 13.Bg3 h5 14.h4 g4 15.Ng5 Nd8 16.axb5 axb5
17.Rxa8 Bxa8 18.Qd3 Nd7 19.d5 c6 20.Nd2 f6 21.Ne6 Nxe6 22.dxe6 Nc5 23.Qc2 Nxb3
24.Qxb3 Bb7 25.Nf1 Bc8 26.Ra1 O-O 27.Ne3 Bxe6 28.Qc2 Qh7 29.Qd2 Rd8 30.f3 Qh6
31.Re1 d5 32.exd5 cxd5 33.fxg4 d4 34.cxd4 Rxd4 35.Qc2 Rc4 36.Qd2 hxg4 37.Kh2 Rd4
38.Qc2 Rd6 39.Qe4 Qh7 40.Qb4 Qd7 41.Qe4 Qh7 42.Qb4 Qd7 43.Qe4 Kf8 44.Rf1 Bf7
45.Nxg4 Qd8 46.Qf5 Rd1 47.Nxf6 Rxf1 48.Qxf1 Qd4 49.Nh7+ Ke7 50.Qf6+ Ke8 51.Qxe5+ Qxe5
52.Bxe5 Bd8 53.Bf6 Bc7+ 54.Kh3 Be6+ 55.g4 Kf7 56.Bd4 Bd8 57.h5 Be7 58.Kg3 Bb3
59.Kf4 Bd6+ 60.Be5 Bb4 61.Ng5+ Kg8 62.Kf5 Bc2+ 63.Ne4 Bd2 64.Bf4 Bb4 65.g5 Bc5
66.Ke5 Bf8 67.Nf6+ Kf7 68.g6+ Ke7 69.Nd5+ Ke8 70.Kf6  1-0

[Event "Open Dutch Championship"]
[Site "Dieren NED"]
[Date "2005.07.29"]
[Round "4"]
[White "Nijboer,F"]
[Black "Slavina,I"]
[Result "1-0"]
[WhiteElo "2529"]
[BlackElo "2391"]

1.e4 e5 2.Nf3 Nc6 3.Bb5 a6 4.Ba4 Nf6 5.O-O b5 6.Bb3 Bb7 7.d3 Bc5 8.Nc3 O-O
9.a4 Na5 10.axb5 Nxb3 11.cxb3 axb5 12.Rxa8 Bxa8 13.Nxe5 d5 14.Bg5 Be7 15.Nxb5 dxe4
16.dxe4 Bxe4 17.Re1 Bb7 18.Nc3 Re8 19.Ng4 Qxd1 20.Rxd1 Nxg4 21.Bxe7 Ne5 22.f3 h5
23.Bd8 c5 24.Bc7 Ng6 25.Bd6 Rd8 26.Bxc5 Rxd1+ 27.Nxd1 Nf4 28.Nc3 Nd3 29.b4 f6
30.b3 Kf7 31.Kf1 Ke6 32.Bf8 Kf7 33.Bc5 Ke6 34.h3 g6 35.Bf8 Kf7 36.Bc5 Ke6
37.h4 g5 38.hxg5 fxg5 39.Be3 Nxb4 40.Bxg5 Nc2 41.Kf2 Ba6 42.Ne4 Kf5 43.Bd2 Bd3
44.Ng3+ Kg6 45.b4 Ba6 46.Ne4 h4 47.Nd6 Na3 48.Be3 Bd3 49.Bc5 Kh5 50.Ne4 Nb5
51.Be7 Bc4 52.Kg1 Nd4 53.Kh2 Be6 54.Bf6 Nb5 55.Nf2 Nc7 56.Bd8 Nd5 57.b5 Nf4
58.Ne4  1-0

[Event "Open Dutch Championship"]
[Site "Dieren NED"]
[Date "2005.07.30"]
[Round "5"]
[White "Brandenburg,D"]
[Black "Van Veen,O"]
[Result "1-0"]
[WhiteElo "2371"]
[BlackElo "2207"]

1.e4 e5 2.Nf3 Nc6 3.Bb5 a6 4.Ba4 Nf6 5.O-O b5 6.Bb3 Bb7 7.d3 Bc5 8.Nc3 O-O
9.a4 Na5 10.Ba2 b4 11.Ne2 d5 12.Nxe5 dxe4 13.d4 Bb6 14.c3 Nc6 15.Nc4 Ba7
16.Bg5 h6 17.Bd2 bxc3 18.bxc3 Qd7 19.Rb1 Rab8 20.Ng3 Ba8 21.Re1 Rbe8 22.Qc2 Qg4
23.Bc1 Bxd4 24.cxd4 Nxd4 25.Qd1 Nf3+ 26.gxf3 Qh3 27.Re3 exf3 28.Qf1 Qh4 29.Rxe8 Rxe8
30.Ne3 Qxa4 31.Qc4 Qd7 32.Bb2 Ne4 33.Rd1 Qe7 34.Nef5  1-0

[Event "15th ETC Women"]
[Site "Gothenburg SWE"]
[Date "2005.07.31"]
[Round "2"]
[White "Pavlovskaia,E"]
[Black "Agrest,I"]
[Result "1-0"]
[WhiteElo "2174"]
[BlackElo "1984"]

1.e4 e5 2.Nf3 Nc6 3.Bb5 a6 4.Ba4 Nf6 5.O-O b5 6.Bb3 Bb7 7.c3 Nxe4 8.d4 exd4
9.Re1 Na5 10.Ng5 d5 11.Rxe4+ Be7 12.Re1 O-O 13.Qh5 h6 14.Nf3 dxc3 15.Nxc3 Nxb3
16.axb3 Bf6 17.Bd2 c5 18.Rad1 b4 19.Na4 Qa5 20.Ne5 Bxe5 21.Rxe5 Rae8 22.Rde1 Rxe5
23.Rxe5 Qb5 24.h3 Qc6 25.Qg4 a5 26.Be3 d4 27.Rxc5 f5 28.Qg3 Qf6 29.Bf4 Rf7
30.Rxa5 Qd8 31.Re5 d3 32.Qe3 Kh7 33.Qb6 Qa8 34.Ra5 Qe8 35.Qxb4 g5 36.Bd2 Qc6
37.f3 Qc2 38.Ra7 Qc8 39.Nc5 Bd5 40.Rxf7+ Bxf7 41.Nxd3 Qc2 42.Ne5 Qxb3 43.Qe7 Kg8
44.Qxf7+ Qxf7 45.Nxf7 Kxf7 46.Kf2 Ke6 47.Ke3 Kd5 48.Kd3 Kc5 49.b4+ Kd5 50.Be3  1-0

[Event "Open Dutch Championship"]
[Site "Dieren NED"]
[Date "2005.08.04"]
[Round "9"]
[White "Van der Velden,B"]
[Black "Swinkels,J"]
[Result "1-0"]
[WhiteElo "2068"]
[BlackElo "2046"]

1.e4 e5 2.Nf3 Nc6 3.Bb5 a6 4.Ba4 Nf6 5.O-O b5 6.Bb3 Bb7 7.d3 Bc5 8.c3 d6
9.a4 O-O 10.Na3 h6 11.Re1 Qd7 12.Ba2 b4 13.Nc4 bxc3 14.bxc3 a5 15.Ne3 Ne7
16.Bd2 Ba7 17.Nh4 Ba6 18.Nef5 Nxf5 19.Nxf5 Bxd3 20.Qf3 Bxe4 21.Rxe4 Nxe4
22.Qxe4 Kh8 23.Bb1 g6 24.Qh4 f6 25.Bxh6 Qh7 26.Bxf8 Rxf8 27.Ne7 Bxf2+ 28.Qxf2 Qxe7
29.Bxg6 f5 30.Bxf5  1-0

[Event "Stork YM"]
[Site "Hengelo NED"]
[Date "2005.08.10"]
[Round "5"]
[White "Belov,Vl"]
[Black "Riazantsev,A"]
[Result "1/2-1/2"]
[WhiteElo "2596"]
[BlackElo "2599"]

1.e4 e5 2.Nf3 Nc6 3.Bb5 a6 4.Ba4 Nf6 5.O-O b5 6.Bb3 Bb7 7.d3 Bc5 8.a4 d6
9.Nc3 b4 10.Nd5 Na5 11.Bg5 Nxb3 12.Bxf6 gxf6 13.cxb3 f5 14.Qd2 fxe4 15.dxe4 O-O
16.Rac1 f5 17.Qh6 Bxd5 18.exd5  1/2-1/2

[Event "Masters"]
[Site "Abu Dhabi UAE"]
[Date "2005.08.16"]
[Round "3"]
[White "Fedorov,Alex"]
[Black "Goloshchapov,A"]
[Result "1/2-1/2"]
[WhiteElo "2611"]
[BlackElo "2519"]

1.e4 e5 2.Nf3 Nc6 3.Bb5 a6 4.Ba4 Nf6 5.O-O b5 6.Bb3 Bb7 7.Re1 Bc5 8.c3 d6
9.d4 Bb6 10.Be3 O-O 11.Nbd2 h6 12.h3 exd4 13.cxd4 Nb4 14.Qb1 c5 15.a3 Nc6
16.d5 Ne7 17.Nf1 Nd7 18.Ng3 c4 19.Bc2 Bxe3 20.Rxe3 f5 21.Nxf5 Nxf5 22.exf5 Bxd5
23.Nd4 Nc5 24.Qe1  1/2-1/2

[Event "14th Open"]
[Site "Kavala GRE"]
[Date "2005.08.16"]
[Round "6"]
[White "Marholev,D"]
[Black "Karlovich,A"]
[Result "1-0"]
[WhiteElo "2423"]
[BlackElo "2258"]

1.e4 e5 2.Nf3 Nc6 3.Bb5 a6 4.Ba4 Nf6 5.O-O b5 6.Bb3 Bb7 7.d3 Bc5 8.Be3 d6
9.a4 O-O 10.axb5 axb5 11.Rxa8 Qxa8 12.Bg5 Nd4 13.Nxd4 Bxd4 14.c3 Bb6 15.Bxf6 gxf6
16.Qf3 Qd8 17.Na3 b4 18.cxb4 Bc8 19.Nc2 Be6 20.Bd5 Kh8 21.Ne3 Rg8 22.Ra1 Bxe3
23.fxe3 Bg4 24.Qf2 Qe7 25.Ra7 Bh3 26.g3 Kg7 27.b5 Rb8 28.Bc4 Qd7 29.Qe2 f5
30.Qh5 fxe4 31.Qg5+ Kh8 32.b6 exd3 33.Qf6+ Kg8 34.Rxc7 Be6 35.Rxd7  1-0

[Event "25th Open"]
[Site "Bratto ITA"]
[Date "2005.08.24"]
[Round "5"]
[White "Astengo,C"]
[Black "Sbarra,M"]
[Result "0-1"]
[WhiteElo "2129"]
[BlackElo "2266"]

1.e4 e5 2.Nf3 Nc6 3.Bb5 a6 4.Ba4 Nf6 5.O-O b5 6.Bb3 Bb7 7.c3 Nxe4 8.Re1 Nc5
9.Nxe5 Nxe5 10.Rxe5+ Be7 11.Bc2 d6 12.Rh5 Ne4 13.d4 d5 14.Be3 g6 15.Rh6 Bf8
16.Rh3 Bc8 17.g4 h5 18.f3 Ng5 19.Rg3 hxg4 20.fxg4 Bd6 21.Rg2 Nh3+ 22.Kh1 Qe7
23.Qf3 Ng5 24.Qe2 Bxg4 25.Qxg4 Qxe3 26.Nd2 Bxh2 27.Rxh2 Rxh2+ 28.Kxh2 Qxd2+
29.Kg1 Kf8 30.Bb3 Qe3+ 31.Kf1 Ne4 32.Qh4 Nd2+ 33.Kg2 Qf3+ 34.Kg1 Kg7 35.Qg5 Rh8
36.Qe5+ Kg8 37.Qe8+ Kh7 38.Qe1 Qg4+ 39.Kf2 Qf3+ 40.Kg1 Qg4+ 41.Kf2 Qf4+ 42.Kg1 Ne4
43.Rd1 Qg4+ 44.Kf1 Qf3+ 45.Kg1 Kg7  0-1

[Event "Iranian Super League"]
[Site "Iran IRI"]
[Date "2005.08.25"]
[Round "8"]
[White "Madani,K"]
[Black "Toomanian,H"]
[Result "1/2-1/2"]
[WhiteElo "2288"]
[BlackElo "2245"]

1.e4 e5 2.Nf3 Nc6 3.Bb5 a6 4.Ba4 Nf6 5.O-O b5 6.Bb3 Bb7 7.d3 Bd6 8.c3 O-O
9.Bg5 h6 10.Bh4 Be7 11.Bg3 d6 12.Nh4 Na5 13.Ng6 Nxb3 14.Qxb3 Re8 15.a4 Rb8
16.axb5 axb5 17.Na3 Bc8 18.Nc2 Be6 19.Nxe7+ Qxe7 20.Qa3 Nh5 21.Qa7 f5 22.exf5 Bxf5
23.Nb4 Qd7 24.d4 Rbc8 25.d5 Qf7 26.Qe3 Nf6 27.Rad1 Be4 28.Bh4 g5 29.Bg3 Bxd5
30.h4 Bb3 31.Rd2 Qg6 32.hxg5 hxg5 33.Re1 Kg7 34.f3 Rh8 35.Qa7 Nh5 36.Rxd6 Qf7
37.Bxe5+ Kg8 38.Qa6 Re8 39.Rg6+ Kf8 40.Bd6+ cxd6 41.Qxd6+ Re7 42.Nc6 Qxg6
43.Qxg6 Rxe1+ 44.Kf2 Re2+ 45.Kg1 Rxg2+ 46.Kf1 Bc4+ 47.Ke1 Re2+ 48.Kd1 Re6
49.Qxg5 Nf6 50.Qc5+ Kg7 51.Qg5+ Kf7 52.Ne5+ Rxe5 53.Qxe5 Bb3+  1/2-1/2

[Event "Rudenko mem"]
[Site "St Petersburg RUS"]
[Date "2005.08.27"]
[Round "8"]
[White "Severiukhina,Z"]
[Black "Miednikova,S"]
[Result "1-0"]
[WhiteElo "2099"]
[BlackElo "2169"]

1.e4 e5 2.Nf3 Nc6 3.Bb5 a6 4.Ba4 Nf6 5.O-O b5 6.Bb3 Bb7 7.Re1 h6 8.c3 g6
9.d4 d6 10.Nbd2 Bg7 11.Nf1 O-O 12.Ng3 Kh7 13.h4 Qd7 14.Nh2 Na5 15.Bc2 h5
16.f4 exf4 17.Bxf4 Kg8 18.Bg5 Rae8 19.Bxf6 Bxf6 20.Nxh5 Bxh4 21.Re3 Qe7 22.Qg4 Qg5
23.Rg3 Qxg4 24.Rxg4 Bd8 25.Nf3 Nc4 26.Kf2 Bc8 27.Rg3 c5 28.Rh1 cxd4 29.cxd4 Be7
30.Nf4 Rd8 31.e5 Nxe5 32.dxe5 dxe5 33.Bxg6 Bc5+ 34.Ke2 fxg6 35.Nxg6 Rfe8
36.Ngxe5+ Kf8 37.Rh7 Be6 38.Rh8+ Ke7 39.Rg7+ Kd6 40.Rxe8 Rxe8 41.Kf1 Rf8
42.Rg6 Bd4 43.Nd3 Kd5 44.Ke2 Bf5 45.Rg5 Ke4 46.Nxd4 Kxd4 47.Nb4 Bb1 48.Rg4+ Ke5
49.a3 Rf6 50.Ke3 a5 51.Rg5+ Kd6 52.Nd3 Bxd3 53.Kxd3 Kc6 54.g4 Rf3+ 55.Kd4 Rf4+
56.Ke3 Rf1 57.Rf5 Rg1 58.Kf4 a4 59.g5 b4 60.axb4 Kb6 61.Ra5 Rg2 62.Rxa4 Rxb2
63.Kf5 Rf2+ 64.Ke6 Re2+ 65.Kf7 Rf2+ 66.Kg7 Kb5 67.Ra8 Kxb4 68.Rc8 Kb5 69.g6 Kb6
70.Kh7 Rh2+ 71.Kg8 Kb7 72.Rc1 Rg2 73.g7 Rf2 74.Rh1 Kc7 75.Kh8  1-0

[Event "FSIMB September"]
[Site "Budapest HUN"]
[Date "2005.09.09"]
[Round "7"]
[White "Farago,S"]
[Black "Bulthaupt,F"]
[Result "0-1"]
[WhiteElo "2284"]
[BlackElo "2185"]

1.e4 e5 2.Nf3 Nc6 3.Bb5 a6 4.Ba4 Nf6 5.O-O b5 6.Bb3 Bb7 7.c3 Nxe4 8.d4 d5
9.dxe5 Na5 10.Bc2 Be7 11.Nd4 O-O 12.f3 Ng5 13.Nf5 Ne6 14.f4 f6 15.Qh5 g6
16.Qh3 Bc8 17.Nh6+ Kg7 18.f5 fxe5 19.fxe6 Bxe6 20.g4 Rxf1+ 21.Qxf1 Nc4 22.b3 Bc5+
23.Kh1 Ne3 24.Qe2 Qg5 25.Nd2 Rf8 26.Nf5+ gxf5 27.Nf3 Qf4 28.gxf5 Bxf5 29.Bxe3 Bxe3
30.Qg2+ Kh8 31.Bxf5 Rxf5 32.Ng1 Bxg1 33.Rxg1 Qf3 34.Qxf3 Rxf3 35.Rg5 Rxc3
36.Rxe5 c6 37.Re2 a5 38.Kg2 Kg7 39.Kf2 d4 40.Re6 c5 41.Re7+ Kg6 42.Rb7 b4
43.Ke2 c4 44.bxc4 Rxc4 45.Kd3 Rc3+ 46.Kxd4 Ra3 47.Rb6+ Kf5 48.Rh6 Rxa2 49.Rxh7 b3
50.Rb7 a4 51.Kc3 Rxh2 52.Rb5+ Ke6 53.Rb4 Ra2 54.Rb8 Kd6 55.Rb5 Kc6 56.Rb8 Rc2+
57.Kb4 Kc7 58.Rb5 Ra2 59.Kc3 Kc6 60.Rb8 Kd5 61.Rb7 Ke4 62.Rd7 Kf3 63.Rb7 Ke2
64.Re7+ Kd1 65.Rd7+ Kc1 66.Rh7 Rc2+ 67.Kb4  0-1

[Event "NK Rapid"]
[Site "Vlaardingen NED"]
[Date "2005.10.01"]
[Round "2"]
[White "De Vreugt,D"]
[Black "Van den Doel,E"]
[Result "1-0"]
[WhiteElo "2448"]
[BlackElo "2582"]

1.e4 e5 2.Nf3 Nc6 3.Bb5 a6 4.Ba4 Nf6 5.O-O b5 6.Bb3 Bb7 7.d3 Be7 8.Nc3 O-O
9.a3 d6 10.h3 Nb8 11.Ne2 Nbd7 12.Ng3 d5 13.exd5 Bxd5 14.Bxd5 Nxd5 15.Re1 Bd6
16.d4 exd4 17.Qxd4 Bxg3 18.Qxd5 Bd6 19.Bg5 Nb6 20.Qc6 Qd7 21.Qxd7 Nxd7 22.Be7 Rfe8
23.Bxd6 cxd6 24.Rxe8+ Rxe8 25.Rd1 Re6 26.Ng5 Re5 27.f4 Re2 28.Rxd6 Nf8 29.Rc6 h6
30.Kf1 Re7 31.Nf3 Ra7 32.Nd4 Ng6 33.g3 Ne7 34.Rd6 g6 35.Ke2 Kg7 36.Kd3 Nc8
37.Rd8 Nb6 38.b3 Rc7 39.Rd6 Nd7 40.b4 Ra7 41.Nc6 Rc7 42.Na5 Ra7 43.Nc6 Rc7
44.Ne5 Nf6 45.Rxa6 Nh5 46.a4 bxa4 47.b5 Nxg3 48.c4 Nh5 49.Ke3 Nf6 50.b6 Re7
51.Ra7 Re6 52.c5 Nd5+ 53.Kf3 Nxb6 54.cxb6 Rxb6 55.Rxf7+ Kg8 56.Ra7 Rf6 57.Kg4 Rb6
58.Rxa4 Kg7 59.Ra7+ Kg8 60.h4 Rf6 61.Rc7 Kh8 62.Rc6 Kg7 63.Rxf6 Kxf6 64.h5 gxh5+
65.Kxh5 Kg7 66.Ng4 Kf7 67.Kxh6 Kg8 68.Kg6 Kf8 69.f5 Kg8 70.f6  1-0